[Event "45th Olympiad 2024"]
[Site "Budapest HUN"]
[Date "2024.09.12"]
[Round "2.61"]
[Board "3"]
[White "Zaw, Ye Htut"]
[Black "Taieb, Sahbi"]
[Result "0-1"]
[WhiteElo "1815"]
[BlackElo "2118"]
[PlyCount "112"]
[EventDate "2024.09.11"]
[WhiteTeam "Myanmar"]
[BlackTeam "Tunisia"]
[WhiteTeamCountry "MYA"]
[BlackTeamCountry "TUN"]

1. e4 c5 2. Nf3 e6 3. d4 cxd4 4. Nxd4 Nc6 5. Nc3 Qc7 6. Be3 a6 7. a3 b5 8. Be2 Bb7 9. Nb3 ({RR} 9. f4 Rc8 10. Nxc6 Qxc6 11. Bf3 Qc7 12. e5 Ne7 13. O-O Nf5 14. Bf2 h5 15. Bxh5 Bc5 16. Bf3 Ne3 17. Qd3 Nxf1 18. Rxf1 Bxf3 19. Qxf3 Bxa3 20. Ne4 Be7 21. c3 d5 22. exd6 Bxd6 23. Bd4 Kf8 {0-1 Socko,B (2635)-Movsesian,S (2710) EU-ch blitz Warsaw 2011 (4)}) ({RR} 9. f3 Nf6 10. O-O d5 11. exd5 exd5 12. Nxc6 Bxc6 13. Qd4 Bd6 14. g3 O-O 15. Bg5 Bxg3 16. Bxf6 Bxh2+ 17. Kh1 gxf6 18. Rg1+ Bg3 19. f4 Rfe8 20. Rxg3+ Kf8 21. Qc5+ Re7 22. Rag1 Ke8 23. Nxd5 Rxe2 {1-0 Karimova,G (2070)-Dwilewicz,K (2099) Titled Tue 11th Jun Early 2024 (8)}) 9... Ne5 $146 ({RR} 9... Nf6 10. f3 Rc8 11. Nc5 Be7 12. Qd2 Ne5 13. Nxb7 Qxb7 14. Bf4 Ng6 15. Bd6 Bxd6 16. Qxd6 Qc6 17. Rd1 Qxd6 18. Rxd6 Rc6 19. Rxc6 dxc6 20. O-O Ke7 21. a4 Rd8 22. axb5 axb5 23. Bd3 Nf4 24. Rd1 {0-1 Makosa,A (1731)-Gryglas,M POL-sf U15 Girls MA+WM 2007 (1.2)}) ({RR} 9... d6 10. O-O Nf6 11. f4 Be7 12. Qe1 h5 13. h3 b4 14. axb4 Nxb4 15. Bd3 Rc8 16. Nb5 axb5 17. Qxb4 O-O 18. Ra7 Ra8 19. Rfa1 Rxa7 20. Rxa7 Ra8 21. Rxa8+ Bxa8 22. Qxb5 Bxe4 23. Bxe4 Nxe4 24. c3 {0-1 Hirschberg,M (1821)-Liebelt,J (2026) DSOL 04 Liga Gr-B 1st rapid 2020 (7.2)}) 10. O-O Nf6 11. Qd4 Neg4 12. f4 Nxe3 13. Qxe3 h5 14. Rfe1 Be7 15. h3 h4 16. e5 Nh5 17. Bf3 Ng3 18. Bxb7 Qxb7 19. Rad1 Rh6 20. Ne4 Rg6 21. Rd2 Rc8 22. Nbc5 Qc6 23. b4 a5 24. Nd6+ Bxd6 25. Rxd6 Qa8 26. Ra6 Qd5 27. Qd3 Qxd3 28. cxd3 axb4 29. axb4 Nf5 30. Kf2 Ne7 31. Re4 f5 32. exf6 Rxf6 33. Ra7 Nd5 34. Nxd7 Rxf4+ 35. Rxf4 Nxf4 36. Nc5 Rd8 37. Ke3 g5 38. Ke4 Nxg2 39. Ke5 Nf4 40. Kf6 Nd5+ 41. Kxe6 Nf4+ 42. Kf6 Nd5+ 43. Kxg5 Nxb4 44. Kf6 Nc6 45. Rh7 Rd6+ 46. Ne6 b4 47. Rb7 Rxe6+ 48. Kxe6 Nd8+ 49. Kd5 Nxb7 50. Kc4 Nc5 51. d4 Ne4 52. Kxb4 Ng5 53. Kc3 Nxh3 54. Kd3 Nf4+ 55. Ke3 h3 56. Kxf4 h2 0-1

[Event "45th Olympiad 2024"]
[Site "Budapest HUN"]
[Date "2024.09.12"]
[Round "2.62"]
[Board "3"]
[White "Galvez Dastin, Eduardo"]
[Black "Alsaqer, Meshal"]
[Result "1-0"]
[WhiteElo "2100"]
[BlackElo "1815"]
[PlyCount "81"]
[EventDate "2024.09.11"]
[WhiteTeam "Guatemala"]
[BlackTeam "Kuwait"]
[WhiteTeamCountry "GUA"]
[BlackTeamCountry "KUW"]

1. d4 d5 2. c4 e6 3. cxd5 exd5 4. Nc3 c6 5. h3 Bd6 ({RR} 5... Nf6 6. e3 Bd6 7. Bd3 O-O 8. Nge2 Re8 9. O-O Nbd7 10. f3 c5 11. Nb5 Bf8 12. Nbc3 b6 13. g4 Bd6 14. Nb5 Bb8 15. Kg2 Ba6 16. Nbc3 Bxd3 17. Qxd3 Qc7 18. Rh1 a6 19. Bd2 c4 20. Qf5 {½-½ Volkov,S (2659)-Galkin,A (2608) Champions Challenge 228th blitz 2007 (3.2)}) ({RR} 5... Bf5 6. Bf4 Nd7 7. e3 Ngf6 8. Nf3 h6 9. Bd3 Bxd3 10. Qxd3 Be7 11. O-O O-O 12. Rab1 a5 13. Qc2 Ne8 14. Ne5 Bd6 15. Nd3 Bxf4 16. Nxf4 Nd6 17. Na4 Ne4 18. a3 Re8 19. Rbe1 Qg5 20. Nc3 {0-1 Adamczewski,M (2069)-Hulka,V (2349) 100th Ann. Silesian Chess 2024 (8.25)}) 6. Nf3 Bf5 $146 ({RR} 6... Nd7 7. a3 Ngf6 8. Bg5 h6 9. Bxf6 Nxf6 10. e3 Bf5 11. Bd3 Ne4 12. Bxe4 dxe4 13. Nd2 Qe7 14. Qb3 O-O 15. Qd1 Bh7 16. Qg4 f5 17. Qh5 b5 18. O-O a6 19. b4 a5 20. bxa5 Rxa5 21. f3 {0-1 Toth,Z (1980)-Adam,Z (2055) Cseppko op-B 10th 2001 (7)}) ({RR} 6... h6 7. e3 Nf6 8. Bd3 Be6 9. Bd2 O-O 10. O-O Nbd7 11. Rb1 Re8 12. b4 a6 13. Na4 Ne4 14. Nc5 b5 15. Nb7 Qc7 16. Na5 Nb6 17. Qc2 Nc4 18. Nxc4 bxc4 19. Bxe4 dxe4 20. Ne1 Bd5 21. Qc3 {1-0 Khan,W (2013)-Rajic,D Paris op-B 2001 (5)}) 7. g4 Bg6 8. Qb3 Qb6 9. Qxb6 axb6 10. Bg2 h6 11. O-O Nf6 12. Nh4 Bh7 13. f4 O-O 14. g5 hxg5 15. fxg5 Ne4 16. Nxe4 Bxe4 17. Bxe4 dxe4 18. Nf5 Rd8 19. Bf4 Bf8 20. Bc7 Rd5 21. e3 Nd7 22. h4 c5 23. dxc5 Bxc5 24. Rad1 Rd3 25. a3 Nf8 26. Rxd3 exd3 27. b4 Ne6 28. bxc5 Nxc7 29. Ne7+ Kf8 30. cxb6 Ne6 31. Ng6+ Ke8 32. Ne5 Rxa3 33. Nxf7 Ke7 34. Ne5 Rc3 35. Rd1 Nc5 36. h5 Ke6 37. h6 gxh6 38. gxh6 Ra3 39. h7 Ra8 40. Ng6 Kd5 41. Ne7+ 1-0

[Event "45th Olympiad 2024"]
[Site "Budapest HUN"]
[Date "2024.09.12"]
[Round "2.63"]
[Board "3"]
[White "Mafnas, Peter"]
[Black "Mizzi, Jack"]
[Result "0-1"]
[WhiteElo "1886"]
[BlackElo "2053"]
[PlyCount "56"]
[EventDate "2024.09.11"]
[WhiteTeam "Guam"]
[BlackTeam "Malta"]
[WhiteTeamCountry "GMA"]
[BlackTeamCountry "MLT"]

1. c4 e5 2. Nc3 d6 3. g3 f5 4. Bg2 Nf6 5. d3 Be7 6. e3 O-O 7. Nge2 c6 8. O-O Be6 9. b3 Nbd7 ({RR} 9... a5 10. Bb2 Na6 11. Qd2 d5 12. cxd5 Nxd5 13. Nxd5 Bxd5 14. Bxd5+ Qxd5 15. Qc3 Bf6 16. Qc4 Rfd8 17. d4 exd4 18. Bxd4 Kf7 19. Rac1 Qxc4 20. Rxc4 Nc7 21. Bxf6 Kxf6 22. Nd4 Rd6 23. Rfc1 g6 24. Rc5 {½-½ Liu,Y (2516)-Xu,X (2576) CHN-chT China 2019 (16.3)}) 10. d4 Rc8 $146 ({RR} 10... d5 11. dxe5 Nxe5 12. Nf4 Bf7 13. cxd5 Qa5 14. Bb2 Rad8 15. Qb1 g5 16. Qxf5 Nfg4 17. h3 Bxd5 18. Bxd5+ cxd5 19. Qe6+ Rf7 20. Nfxd5 Nd3 21. Nxe7+ Kf8 22. Qxg4 Nxb2 23. Ned5 h6 24. Qe2 Qa3 25. Rab1 {1-0 Palatkova,E (2005)-Lunau,D BL2 SW 9192 (Women) 1991}) ({RR} 10... Bf7 11. Bb2 Re8 12. dxe5 dxe5 13. e4 f4 14. gxf4 exf4 15. Nxf4 Qc7 16. Nfe2 Ng4 17. Ng3 h5 18. Qe2 Be6 19. f4 h4 20. f5 Ndf6 21. fxe6 hxg3 22. Nd1 Bc5+ 23. Kh1 Rxe6 24. h3 Rae8 25. b4 {0-1 Morea,G (1897)-Toma,K (2205) 4NCL 2023-24 (4.3)}) ({RR} 10... e4 11. d5 Bf7 12. dxc6 bxc6 13. Nd4 Qa5 14. Nxc6 Qxc3 15. Bd2 Qd3 16. Nxe7+ Kh8 17. Bb4 Bh5 18. Qxd3 {1-0 Schneider,B (2403)-Guddat,J (2104) NRW Class1 0607 2006 (4.1)}) 11. d5 Bf7 12. dxc6 bxc6 13. Ba3 Nb6 14. Rc1 d5 15. c5 Bg6 16. Qd2 Nbd7 17. Na4 Ne4 18. Qe1 Bg5 19. f4 Bh6 20. Bb4 Qe7 21. Nec3 Ndf6 22. Nxe4 Nxe4 23. Nc3 Nf6 24. Qe2 Qb7 25. Ba5 Rce8 26. Qd3 Qe7 27. Rfe1 exf4 28. exf4 Qxc5+ 0-1

[Event "45th Olympiad 2024"]
[Site "Budapest HUN"]
[Date "2024.09.12"]
[Round "2.64"]
[Board "2"]
[White "Egbe, Kossi Thierry"]
[Black "Alho, Diogo"]
[Result "0-1"]
[WhiteElo "1847"]
[BlackElo "2192"]
[PlyCount "82"]
[EventDate "2024.09.11"]
[WhiteTeam "Togo"]
[BlackTeam "Cape Verde"]
[WhiteTeamCountry "TOG"]

1. e4 g6 2. d4 Bg7 3. f4 c6 4. Nf3 d5 5. e5 Bf5 ({RR} 5... Nh6 6. Be3 O-O 7. Be2 Bg4 8. Nbd2 Nf5 9. Bf2 f6 10. O-O Bh6 11. g3 Ng7 12. Nh4 Bh3 13. Re1 fxe5 14. dxe5 g5 15. fxg5 Bxg5 16. Nhf3 e6 17. Nxg5 Qxg5 18. Nf3 Qf5 19. Bc5 Rf7 20. Nh4 {1-0 Degraeve,J (2360)-Petitcunot,P (2490) Bethune ascension op rapid 2003 (9)}) 6. c4 $146 ({RR} 6. b3 h5 7. Bd3 Nh6 8. O-O a5 9. a4 Na6 10. Ba3 Nb4 11. Bxf5 Nxf5 12. Qd2 Qb6 13. Nc3 e6 14. Ne2 Bf8 15. c3 Na6 16. Bxf8 Kxf8 17. b4 axb4 18. cxb4 Kg7 19. Rfb1 Nc7 20. Nc3 Rhc8 {1-0 Ousatchi,M (2186)-Lueders,H (1913) GER-ch Seniors 07th 1995 (5)}) ({RR} 6. Bd3 Bxd3 7. Qxd3 e6 8. Nbd2 Ne7 9. Nf1 Nd7 10. Ne3 Qa5+ 11. c3 c5 12. Bd2 Qb6 13. O-O O-O 14. b3 Rac8 15. Rab1 a6 16. Be1 Qc6 17. Rb2 b5 18. g4 c4 19. Qd1 Rb8 20. Bh4 Nc8 {1-0 Fernandez Garcia,J (1629)-Gias Ramon,J (1565) Barcelona Ideal Clave op 21st 2017 (7)}) ({RR} 6. Bd3 e6 7. Bxf5 gxf5 8. Be3 Ne7 9. O-O Ng6 10. Nc3 h5 11. Ne2 h4 12. h3 Bf8 13. b3 Be7 14. c4 Na6 15. cxd5 {½-½ Orgovan,S (2307)-Adok,J (2263) HUN-chT2 Maroczy 0203 2002 (2.2)}) 6... e6 7. Be3 Ne7 8. c5 b6 9. b4 a5 10. Qa4 O-O 11. Nbd2 b5 12. Qb3 axb4 13. Qxb4 Ra4 14. Qb2 Na6 15. Kf2 f6 16. Be2 Nb4 17. Rhc1 Nd3+ 18. Bxd3 Bxd3 19. Rc3 Bc4 20. Ra3 Qa8 21. Rxa4 Qxa4 22. Kg1 Ra8 23. Nxc4 dxc4 24. Bd2 Nd5 25. exf6 Bxf6 26. Ne5 Bxe5 27. fxe5 Qa3 28. Qc2 c3 29. Bc1 Qb4 30. Qe4 Ra4 31. Be3 Nxe3 32. Qxc6 Qxd4 33. Qxe6+ Kg7 34. Qe7+ Kh6 35. Qf8+ Kh5 36. Qf3+ Ng4+ 37. Kh1 c2 38. Rf1 Qe3 39. Qf7 c1=Q 40. Qxh7+ Nh6 41. g4+ Rxg4 0-1

[Event "45th Olympiad 2024"]
[Site "Budapest HUN"]
[Date "2024.09.12"]
[Round "2.64"]
[Board "3"]
[White "Mirulla, David"]
[Black "Amewounou, Komlan Kouessan"]
[Result "1-0"]
[WhiteElo "1904"]
[BlackElo "1825"]
[PlyCount "55"]
[EventDate "2024.09.11"]
[WhiteTeam "Cape Verde"]
[BlackTeam "Togo"]
[BlackTeamCountry "TOG"]

1. e4 e5 2. Nf3 Nc6 3. Bc4 Nf6 4. d3 h6 5. O-O Bc5 6. c3 Bb6 7. a4 a5 ({RR} 7... d6 8. Nbd2 O-O 9. h3 a5 10. Re1 Be6 11. Bxe6 fxe6 12. Nc4 Bc5 13. Be3 Bxe3 14. Rxe3 Qe8 15. Qb3 b6 16. Qb5 Nh5 17. Rf1 Nf4 18. Kh2 g5 19. g3 Ng6 20. Kg2 Rd8 21. d4 exd4 22. cxd4 {½-½ Veiga,J (2378)-Simoes,M (2084) Queima das Fitas Open 2024 (4.2)}) 8. Qb3 $146 ({RR} 8. Nbd2 d6 9. Bb3 Ne7 10. Nc4 Ba7 11. Nxa5 b5 12. axb5 Bd7 13. Bc4 O-O 14. Qe2 Qe8 15. d4 Bb6 16. dxe5 dxe5 17. b4 Ng6 18. Ne1 Nf4 19. Bxf4 exf4 20. e5 Bg4 21. Nf3 Nh5 22. Qe4 Bxf3 {1-0 Rettore,L (2177)-Bisignano,G (1980) Milan Crespi op-A 28th 2007 (6)}) ({RR} 8. Nbd2 O-O 9. Re1 Ng4 10. Rf1 d6 11. h3 Nf6 12. Re1 Nh5 13. Nf1 Qf6 14. Be3 Bxe3 15. Nxe3 Nf4 16. h4 g5 17. Nd5 Nxd5 18. exd5 Ne7 19. d4 Bg4 20. dxe5 dxe5 21. Re4 Bxf3 22. Qxf3 Qxf3 {½-½ Vidit,S (2712)-Dubov,D (2716) Global Chess League 2023 (3.3)}) ({RR} 8. Be3 d6 9. h3 Be6 10. b3 Bxc4 11. bxc4 Ne7 12. Nbd2 c5 13. Rb1 Rb8 14. Qc2 Ng6 15. Rb2 Ba7 16. Nb1 b6 17. Na3 O-O 18. Rfb1 Re8 19. Nb5 Re7 20. Nxa7 Rxa7 21. d4 Qc7 22. Nd2 Rab7 {1-0 Mitra,S (1183)-Yadav,A Mumbai Wealth U13 op 5th 2019 (8)}) 8... O-O 9. Na3 Qe7 10. Nc2 d6 11. Be3 Bxe3 12. Nxe3 g6 13. Rae1 b6 14. Nd5 Qd8 15. d4 Bd7 16. dxe5 dxe5 17. Qc2 Kg7 18. Rd1 Qc8 19. Rd2 Be6 20. Rfd1 Nd7 21. Ne7 Nxe7 22. Bxe6 fxe6 23. Rxd7 Qe8 24. Nxe5 Kh8 25. Rxe7 Qb8 26. Rdd7 Rf6 27. Rh7+ Kg8 28. Rdg7+ 1-0

[Event "45th Olympiad 2024"]
[Site "Budapest HUN"]
[Date "2024.09.12"]
[Round "2.64"]
[Board "4"]
[White "Semeko, Lumen Paco"]
[Black "Vaz, Jose Carlos"]
[Result "1/2-1/2"]
[WhiteElo "1740"]
[BlackElo "1909"]
[PlyCount "133"]
[EventDate "2024.09.11"]
[WhiteTeam "Togo"]
[BlackTeam "Cape Verde"]
[WhiteTeamCountry "TOG"]

1. Nf3 Nc6 2. b3 e5 3. Bb2 f6 ({RR} 3... Nf6 4. Nxe5 Bd6 5. Nc4 Be7 6. d4 d5 7. Ne5 Bf5 8. Nxc6 bxc6 9. e3 Bd6 10. Bd3 Qd7 11. Nd2 O-O 12. Nf3 Ne4 13. Ne5 Bb4+ 14. c3 Nxc3 15. Qd2 Ne4 16. Qxb4 Qe6 17. Rc1 c5 18. dxc5 {1-0 Nepomniachtchi,I (2784)-Savchenko,B (2551) Speed Chess Super Swiss blitz 2020 (8)}) 4. e3 Nge7 $146 ({RR} 4... d5 5. c4 Bg4 6. h3 Bh5 7. g4 Bf7 8. Qc1 Nge7 9. d4 Ng6 10. Be2 Qd7 11. a3 e4 12. Nfd2 Nh4 13. Qc2 f5 14. cxd5 Bxd5 15. Nc3 g6 16. O-O-O O-O-O 17. Nxd5 Qxd5 18. Bc4 Qd6 19. b4 {0-1 Ruck,H (1845)-Mayrhuber,F (1665) Vienna Husek op-B 2012 (6)}) ({RR} 4... d5 5. d4 e4 6. Ng1 f5 7. c4 Nf6 8. Nc3 Be6 9. Nge2 Bd6 10. cxd5 Nxd5 11. Nxd5 Bxd5 12. Nc3 Bf7 13. Be2 O-O 14. O-O Qh4 15. g3 Qh3 16. Nb5 Rfd8 17. Re1 Bb4 18. Bf1 Qh5 19. Qxh5 {1-0 Pastar,S (2363)-Tymrakiewicz,R (2168) Titled Tue 27th Feb Early 2024 (7)}) ({RR} 4... d5 5. d3 Bf5 6. Nbd2 Bd6 7. Be2 Nge7 8. O-O O-O 9. e4 dxe4 10. dxe4 Bg6 11. a3 b6 12. c4 a5 13. Nh4 Qe8 14. Rc1 Nd4 15. Bd3 Nec6 16. Ndf3 Bh5 17. Be2 Nxe2+ 18. Qxe2 Qe7 19. Nf5 {1-0 Nowacka,D (1320)-Pawlak,E (1107) POL-chT U19 2nd League 2015 (11.90)}) 5. g3 d5 6. h3 Be6 7. Bg2 Qd7 8. d3 O-O-O 9. Nbd2 g5 10. c3 h5 11. Qc2 Kb8 12. O-O-O Nc8 13. e4 Bg7 14. b4 d4 15. Nb3 dxc3 16. Bxc3 Qe7 17. a3 a5 18. Nc5 Bf7 19. Kb2 b6 20. Na6+ Kb7 21. b5 N6a7 22. a4 c6 23. Bxa5 cxb5 24. Bb4 Qd7 25. axb5 Nxb5 26. Ra1 Qxd3 27. Qxd3 Rxd3 28. Bf1 Rxf3 29. Bxb5 Na7 30. Bf1 Rxf2+ 31. Kc1 Rc8+ 32. Kd1 Nc6 33. Ke1 Rb2 34. Ba3 Rc2 35. Nb4 Nxb4 36. Bxb4 Bc4 37. Rd1 Bxf1 38. Rxf1 R2c4 39. Rd7+ R8c7 40. Rxc7+ Kxc7 41. Be7 Rc1+ 42. Ke2 Rxf1 43. Kxf1 Kd7 44. Bb4 Ke6 45. g4 hxg4 46. hxg4 Kf7 47. Ke2 Bf8 48. Bc3 Ke6 49. Kd3 Kd7 50. Kc4 Kc6 51. Bd2 b5+ 52. Kb3 Bc5 53. Ba5 f5 54. exf5 e4 55. Bd8 Be3 56. f6 Bc5 57. f7 Kd7 58. Bxg5 Ke6 59. Be3 Bf8 60. Kc3 Kd5 61. g5 b4+ 62. Kb3 Ke6 63. Kc4 Kxf7 64. Kd4 b3 65. Kc3 Kg6 66. Kxb3 Kf5 67. Kc4 1/2-1/2

[Event "45th Olympiad 2024"]
[Site "Budapest HUN"]
[Date "2024.09.12"]
[Round "2.65"]
[Board "1"]
[White "AH KYE, Benitot"]
[Black "Michaelides, Konstantinos"]
[Result "0-1"]
[WhiteElo "1815"]
[BlackElo "2297"]
[PlyCount "72"]
[EventDate "2024.09.11"]
[WhiteTeam "Mauritius"]
[BlackTeam "Cyprus"]
[WhiteTeamCountry "MRI"]
[BlackTeamCountry "CYP"]

1. e4 e6 2. d4 d5 3. Nc3 Bb4 4. exd5 exd5 5. Bd3 Nc6 6. Nf3 Nge7 7. O-O Bg4 ({RR} 7... O-O 8. Ne2 Bf5 9. c3 Bd6 10. Bf4 Re8 11. Bg3 Qd7 12. Bb5 a6 13. Ba4 Bg4 14. Qd3 Qf5 15. Nf4 Qxd3 16. Nxd3 Bxg3 17. hxg3 f6 18. Rfe1 Kf7 19. Re3 b5 20. Bb3 Na5 21. Nfe5+ fxe5 22. Nxe5+ {1-0 Rapport,R (2707)-Akobian,V (2647) Wch Blitz Riadh 2017 (11)}) 8. Nb5 $146 ({RR} 8. Be3 Qd7 9. a3 Bd6 10. b4 h6 11. Rb1 O-O 12. Be2 a6 13. Nd2 Bxe2 14. Qxe2 Nd8 15. Qh5 Ne6 16. Rfe1 Rad8 17. Nf3 Bf4 18. Qg4 f5 19. Qh3 Bxe3 20. Rxe3 Nc6 21. Rd1 Rde8 22. Ne5 Qd6 {1-0 Soleimani Moghadam,A (1690)-Biriya,M (1911) IRI-ch U16 Chess.com INT 2021 (4)}) ({RR} 8. Be3 Qd7 9. h3 Bf5 10. Ne2 Bd6 11. Re1 O-O 12. c3 Rfe8 13. Bf4 Bxd3 14. Qxd3 Ng6 15. Bxd6 Qxd6 16. g3 Qd7 17. Kg2 Nce7 18. Neg1 f6 19. Re2 Nf5 20. Rae1 Nd6 21. Nd2 Rxe2 22. Rxe2 Re8 {0-1 Kramnik,V (2753)-Mekhitarian,K (2554) Titled Tue 2nd Jan Late 2024 (10)}) ({RR} 8. h3 Bh5 9. Be3 Qd7 10. a3 Bxc3 11. bxc3 Bg6 12. Rb1 b6 13. Bb5 f6 14. c4 a6 15. Ba4 Bf7 16. cxd5 Bxd5 17. Nd2 b5 18. c4 bxa4 19. cxd5 Nxd5 20. Ne4 Nce7 21. Nc5 Qc6 22. Qxa4 Qxa4 {0-1 Maurizzi,M (2028)-Diaz Camallonga,C (2432) PRO League Stage rapid 2019 (8)}) 8... a6 9. c3 axb5 10. cxb4 Nxd4 11. Be3 Nxf3+ 12. gxf3 Bh5 13. Bc5 O-O 14. Re1 Re8 15. Re5 Bg6 16. Bxb5 c6 17. Qe2 Nf5 18. Rxe8+ Qxe8 19. Qxe8+ Rxe8 20. Bf1 Nh4 21. b5 Nxf3+ 22. Kg2 Be4 23. bxc6 Re6 24. Kg3 Rxc6 25. Rc1 b6 26. Be3 Rg6+ 27. Kf4 Rf6+ 28. Kg3 h5 29. h3 d4 30. Rc4 h4+ 31. Kg4 Ne5+ 32. Kxh4 Nxc4 33. Bxd4 Rd6 34. Bc3 Nd2 35. Be2 Bf3 36. Ba6 Ne4 0-1

[Event "45th Olympiad 2024"]
[Site "Budapest HUN"]
[Date "2024.09.12"]
[Round "2.66"]
[Board "2"]
[White "Seder, Mohammed"]
[Black "Prasad, Rudr"]
[Result "1-0"]
[WhiteElo "2116"]
[BlackElo "1777"]
[PlyCount "83"]
[EventDate "2024.09.11"]
[WhiteTeam "Palestine"]
[BlackTeam "Fiji"]
[WhiteTeamCountry "PLE"]
[BlackTeamCountry "FIJ"]

1. e4 c6 2. Nf3 d5 3. d3 dxe4 4. dxe4 Qxd1+ 5. Kxd1 Bg4 6. Nbd2 Nd7 7. Be2 e6 ({RR} 7... Nc5 8. h3 Bh5 9. Ne5 Bxe2+ 10. Kxe2 Nf6 11. f3 Nh5 12. Rd1 f6 13. Nec4 Nf4+ 14. Kf1 e5 15. Nb3 Nfe6 16. Be3 b6 17. Nd6+ Bxd6 18. Rxd6 Na4 19. Rad1 Kf7 20. Rxc6 Rhd8 21. Rxd8 Rxd8 22. Bc1 {0-1 Nepomniachtchi,I (2784)-Fedoseev,V (2678) Speed Chess Super Swiss KO blitz 2020 (1.6)}) ({RR} 7... O-O-O 8. c3 e5 9. Kc2 Bc5 10. Rf1 h6 11. Ng1 Be6 12. Nb3 Bb6 13. a4 a6 14. a5 Ba7 15. Be3 Bxe3 16. fxe3 Ngf6 17. Bf3 Bxb3+ 18. Kxb3 Nc5+ 19. Kc2 Rd7 20. Rad1 Rhd8 21. b4 Rxd1 22. Bxd1 {0-1 Rosenberg,E (1987)-Otero Marino,A (2293) Titled Tue 13th Aug Early 2024 (3)}) 8. Ne1 Ngf6 $146 ({RR} 8... Bxe2+ 9. Kxe2 Bd6 10. Nc4 Bc7 11. Nd3 O-O-O 12. a4 Ne7 13. b3 Nb6 14. Nce5 Rhf8 15. Ba3 Rde8 16. a5 Nd7 17. Nxd7 Kxd7 18. a6 bxa6 19. Bc5 a5 20. Rhd1 Kc8 21. Bxa7 Rd8 22. Bc5 Rfe8 23. g3 {½-½ Popov,I (2636)-Turov,M (2574) Wch Blitz Moscow 2019 (12)}) ({RR} 8... Bxe2+ 9. Kxe2 Ngf6 10. a4 O-O-O 11. Nd3 Bd6 12. Nc4 Bc7 13. f3 Nb6 14. Nce5 Rhf8 15. a5 Nbd7 16. Nc4 Ne8 17. Be3 a6 18. e5 Rg8 19. f4 f6 20. Raf1 g6 21. g4 Ng7 22. h3 Rgf8 23. Bd4 {1-0 Schoppen,C (2489)-Szotkowski,J (2367) Graz op-A 2020 (6)}) 9. f3 Bh5 10. Nd3 Nc5 11. Nf4 Bg6 12. c3 O-O-O 13. Kc2 e5 14. Nxg6 hxg6 15. Bc4 Rd7 16. b4 Na4 17. Bb3 Nb6 18. a4 Bd6 19. a5 Na8 20. Nc4 Bb8 21. Be3 Re8 22. Rhd1 Rxd1 23. Rxd1 Rd8 24. Nb2 Rxd1 25. Kxd1 Nc7 26. Bxf7 Nb5 27. Kc2 g5 28. Bxg5 b6 29. axb6 axb6 30. Nc4 Kb7 31. h4 Nd6 32. Nxd6+ Bxd6 33. h5 Nh7 34. Bd8 b5 35. Be6 c5 36. Bf5 Nf8 37. Kb3 c4+ 38. Kc2 Kc6 39. g4 Nd7 40. g5 Bf8 41. g6 Nf6 42. h6 1-0

[Event "45th Olympiad 2024"]
[Site "Budapest HUN"]
[Date "2024.09.12"]
[Round "2.67"]
[Board "1"]
[White "Mesfin, Leykun"]
[Black "Khalema, Sechaba"]
[Result "1-0"]
[WhiteElo "2118"]
[BlackElo "1779"]
[PlyCount "63"]
[EventDate "2024.09.11"]
[WhiteTeam "Ethiopia"]
[BlackTeam "Lesotho"]
[WhiteTeamCountry "ETH"]
[BlackTeamCountry "LES"]

1. e4 e5 2. Nf3 Nc6 3. Bb5 a6 4. Ba4 Nf6 5. d3 d6 6. c3 Be7 7. O-O O-O 8. Re1 Nd7 9. d4 ({RR} 9. Bc2 Bf6 10. a4 b6 11. d4 g6 12. Bb3 Bb7 13. Bd5 Rb8 14. Bh6 Bg7 15. Bxg7 Kxg7 16. Nbd2 Re8 17. Bxc6 Bxc6 18. d5 Bb7 19. a5 b5 20. c4 c6 21. cxb5 axb5 22. dxc6 Bxc6 23. b4 Nf6 {½-½ Sutovsky,E (2687)-Sasikiran,K (2707) Amsterdam ACP Golden Classic 2012 (4)}) 9... exd4 10. cxd4 b5 $146 ({RR} 10... Bf6 11. Nc3 b5 12. Bc2 g6 13. Bh6 Re8 14. Rc1 Bb7 15. a4 b4 16. Nd5 Bg7 17. Qd2 a5 18. Bb3 Bxh6 19. Qxh6 Rc8 20. Ng5 Nf8 21. Nxf7 Kxf7 22. Nxc7+ Kf6 23. Nd5+ Ke6 24. Nb6+ Kf6 25. Nxc8 {1-0 Egorov,D (1824)-Bezobrazov,L (1675) St Petersburg Botvinnik Memorial op 2012 (9)}) ({RR} 10... Nb6 11. Bxc6 bxc6 12. Qc2 Qe8 13. Bg5 f6 14. Bh4 Bd7 15. Nbd2 Qf7 16. b3 a5 17. a4 Rfe8 18. Nf1 g5 19. Bg3 f5 20. exf5 Qxf5 21. Qd1 Nd5 22. Ne3 Nxe3 23. fxe3 g4 24. e4 Qg6 25. Nd2 {½-½ Seo,J (2478)-Lutsko,A (2414) Northumbria Masters Open 2024 (6.1)}) ({RR} 10... Nb6 11. Bb3 Bg4 12. Be3 Bf6 13. Nc3 Bxf3 14. gxf3 Na5 15. f4 Nbc4 16. Bc1 c5 17. dxc5 Bxc3 18. bxc3 dxc5 19. Qf3 Re8 20. Bc2 f5 21. e5 g6 {½-½ Aitbayev,A (2416)-Pridorozhni,A (2541) Pavlodar op 2012 (3)}) 11. Bc2 Nb4 12. Bb3 c5 13. a3 Nc6 14. Nc3 Nb6 15. d5 Na5 16. Bc2 Bg4 17. h3 Bxf3 18. Qxf3 Bf6 19. Qd3 g6 20. Bh6 Re8 21. f4 Nac4 22. b3 Nxa3 23. e5 Nxc2 24. Qxc2 dxe5 25. Ne4 Nd7 26. Rad1 exf4 27. Bxf4 Bd4+ 28. Kh1 a5 29. Bg5 Qb6 30. Rxd4 cxd4 31. Qc6 Rxe4 32. Qxa8+ 1-0

[Event "45th Olympiad 2024"]
[Site "Budapest HUN"]
[Date "2024.09.12"]
[Round "2.68"]
[White "Heron, Andrew"]
[Black "Gabriel, Sixtus"]
[Result "1-0"]
[WhiteElo "2026"]
[BlackElo "1800"]
[PlyCount "111"]
[EventDate "2024.09.11"]
[WhiteTeam "Liechtenstein"]
[BlackTeam "Saint Lucia"]
[WhiteTeamCountry "LIE"]

1. e4 c6 2. Nf3 d5 3. Nc3 dxe4 4. Nxe4 Bf5 5. Ng3 Bg6 6. d4 e6 7. c3 Nf6 ({RR} 7... Bd6 8. Bd3 Nf6 9. Bg5 Nbd7 10. O-O Qc7 11. Re1 O-O-O 12. Ne4 Bxe4 13. Bxe4 h6 14. Bh4 g5 15. Bg3 g4 16. Nd2 Bxg3 17. fxg3 h5 18. Qe2 Rh6 19. Qf2 Rdh8 20. Qf4 h4 21. Qxc7+ Kxc7 22. Nf1 {0-1 Hernandez,G (2267)-Sariego Figueredo,W (2387) CUB-ch sf Cuba 2000}) 8. Qb3 $146 ({RR} 8. Bd3 Bxd3 9. Qxd3 Nbd7 10. O-O Be7 11. Bg5 O-O 12. Rfe1 h6 13. Bxf6 Nxf6 14. Ne5 Qc7 15. Ne4 Rad8 16. Nxf6+ Bxf6 17. Qg3 Bxe5 18. Qxe5 Rd7 19. Qxc7 Rxc7 20. Re5 Rd8 21. Rae1 Kf8 22. f4 Rd6 {½-½ Sietio,J-Viinamaki,M Tampere op 2000 (2)}) ({RR} 8. Bd3 Bd6 9. O-O Nbd7 10. Re1 Qc7 11. c4 Bb4 12. Re2 Rd8 13. Bg5 Be7 14. Bxg6 hxg6 15. Qc2 O-O 16. a3 a5 17. Rae1 Rfe8 18. Nf1 Kf8 19. Ne3 Nh5 20. Bxe7+ Rxe7 21. Ng4 Nhf6 22. Nge5 c5 {1-0 Kowalski,W (1654)-Kania,T (1691) 270th YMCA Winter B 2023 (5)}) ({RR} 8. Bf4 Nbd7 9. Ne5 Nd5 10. Nxg6 hxg6 11. Be3 Nxe3 12. fxe3 Bd6 13. Qg4 Qc7 14. Kf2 Nf6 15. Qf3 Bxg3+ 16. Ke2 Bxh2 17. g3 O-O-O {0-1 Lehmann,N (1630)-Krischak,W (1751) Rhein Main op-A 22nd 2019 (6)}) 8... b6 9. Ne5 Bd6 10. Bg5 Qc7 11. Bxf6 gxf6 12. Nc4 h5 13. Nxd6+ Qxd6 14. h4 Nd7 15. Be2 f5 16. Bf3 Nf6 17. Ne2 f4 18. Qd1 O-O-O 19. Qc1 Nd5 20. Bxd5 exd5 21. Qxf4 Rhe8 22. Qxd6 Rxd6 23. Kd2 Rf6 24. Raf1 Kd7 25. f3 c5 26. Rf2 Kd6 27. Re1 a5 28. Rff1 a4 29. a3 Kc6 30. g3 Kb5 31. dxc5 Kxc5 32. Nd4 Rxe1 33. Rxe1 Kd6 34. Re8 Bf5 35. Rh8 Bg6 36. Rd8+ Ke7 37. Rxd5 Bb1 38. Rxh5 Ba2 39. Rh6 Bc4 40. Rxf6 Kxf6 41. Ke3 Ke5 42. g4 Ba6 43. h5 Kf6 44. Kf4 Bd3 45. g5+ Kg7 46. Nf5+ Kh7 47. Ke5 b5 48. Kf6 Kg8 49. Nh6+ Kf8 50. Nxf7 b4 51. cxb4 Bc4 52. h6 Kg8 53. g6 Bxf7 54. h7+ Kh8 55. g7+ Kxh7 56. Kxf7 1-0